Paesi nominati nella pagina Wikipedia della Cina - Statistics

Statistiche generali
  • Questo quiz è stato fatto 50 volte
  • Il punteggio medio è 24 su 31
Statistiche sulle risposte
Volte in cui viene nominato Indizio (basato sul motivo per cui lo stato è nominato nella pagina Wikipedia) Paese % Corretto
3 Paese confinante Corea del Nord
100%
5 Paese confinante India
100%
5 Paese confinante Russia
100%
3 L'economia cinese è seconda solo a quella di questo paese Stati Uniti
100%
1 La Cina è il terzo stato più grande al mondo, dopo questo paese Canada
98%
1 Paese confinante Mongolia
98%
14 Paese insulare la cui sovranità è rivendicata dalla Cina Taiwan
98%
4 Paese confinante Vietnam
98%
5 Paese che invase parte della Cina tra 1937 e 1945 Giappone
95%
1 Paese confinante Kazakistan
95%
3 Paese confinante Nepal
95%
3 Paese confinante Bhutan
93%
1 Paese confinante Afghanistan
90%
1 Paese confinante Tagikistan
90%
1 Paese confinante Kirghizistan
88%
2 Paese confinante Laos
88%
3 Paese confinante Myanmar
88%
3 Paese confinante Pakistan
88%
1 Paese dei BRICS, assieme alla Cina Brasile
80%
3 Potenza imperialista che si scontrò con la Cina nel XIX secolo Regno Unito
80%
2 In questo paese la Cina ha installato delle strutture militari Bangladesh
73%
2 In questo paese è diffusa e riconosciuta la lingua cinese Singapore
70%
1 Paese dei BRICS, assieme alla Cina Sudafrica
70%
1 Potenza imperialista che si scontrò con la Cina nel XIX secolo Francia
68%
1 In questo paese è diffusa e riconosciuta la lingua cinese Malesia
68%
1 Paese con cui la Cina collabora politicamente ed economicamente Iran
65%
1 Paese che nel 1999 cedette Macao alla Cina Portogallo
63%
1 Molte specie di uccelli migrano tra la Cina e questo paese Australia
55%
1 In questo paese la Cina ha installato delle strutture militari Maldive
30%
1 In questo paese la Cina ha installato delle strutture militari Gibuti
13%
1 Paese con cui la Cina collabora politicamente ed economicamente Zimbabwe
13%
Nessun quiz corrispondente trovato
Distribuzione punteggi
Percentuale di utenti per punteggio
Percentile per numero di risposta
I tuoi punteggi nel tempo
Non hai fatto questo quiz